000 00281nam a2200109Ia 4500
001 1268571
005 20260417145253.0
008 260417s9999 xx 000 0 und d
020 _a9786258094671
245 0 _aMasal Krallığı - Hezarfen
_cDidem Demirel
260 _bKetebe Çocuk
999 _c1268571
_d1268571